000 00746nam a2200253Ia 4500
003 OSt
005 20220925165629.0
006 a|||||r|||| 00| 0
007 ta
008 220923b |||||||| |||| 00| 0 eng d
037 _cGeneral Book
040 _aRTL
_cRTL
_beng
041 _2eng
_aeng
082 _aX:89Q1:(B), L9
100 _aMakridakis S Ed.
245 0 _aForecasting
260 _aAmsterdam
_bNorth Holland
_c1979
300 _a392p. Bib chapterwise
_ccm.
490 _aStudies in the management scoences.12
650 _aProduction Control
_9234202
700 _a WheelWright S C Ed.
_9234203
942 _hX:89Q1:(B), L9
_cGB
_2CC
999 _c477758
_d477758